En que equipo de Futbol jugaron estos Jugadores - Estadísticas

Estadísticas generales
  • Esta prueba ha sido intentada 463 veces
  • La puntuación promedio es 6 de 18
Estadísticas de respuestas
Pregunta Respuesta % Correcto
Pierre-Emerick Abuameyang Milan
68%
Johan Cruyff Levante
65%
Patrik Schick Sparta Praga
56%
Martín demichelis Atletico Madrid
54%
David Silva Eibar
44%
George Weah Olympique de Marsella
42%
Josip Ilicic Fiorentina
37%
Diego Costa Albacete
36%
Frank Lampard Swansea City
34%
Rafael Santos Borré Villareal
30%
Alex Telles Galatasaray
28%
Kamil Glik Palermo
27%
Paulo Futre West Ham
22%
Partick Kluivert Newcastle United
21%
Vincent Aboubakar Valenciennes FC
10%
Frank Rijkaard Zaragoza
10%
Jan Vertonghen RKC Waalwijk
9%
John Terry Nottingham Forest
8%
No se encontraron pruebas coincidentes
Distribución de puntuación
Porcentaje de gente con cada puntuación
Porcentaje por número respondido
Historial de tus puntuaciones
No has intentado esta prueba.